[Event "Hastings Masters"]
[Site "Hastings"]
[Date "2006.12.30"]
[Round "3.45"]
[White "Haydon, David"]
[Black "O'Toole, George"]
[Result "0-1"]
[WhiteElo "2073"]
[BlackElo "1935"]
[PlyCount "102"]
[EventDate "2006.12.28"]
[SourceDate "2006.12.28"]

1. e4 e5 2. Nf3 Nc6 3. Bb5 a6 4. Ba4 Nf6 5. Qe2 b5 6. Bb3 Be7 7. O-O O-O 8. c3
d5 9. exd5 Nxd5 10. Nxe5 Nf4 11. Qe4 Nxe5 12. Qxf4 Bd6 13. Qe4 Rb8 14. d4 Bb7
15. Bd5 Bxd5 16. Qxd5 Ng4 17. Qh5 Nxh2 18. Re1 Re8 19. Rxe8+ Qxe8 20. Be3 g6
21. Qh4 f5 22. Nd2 Ng4 23. Nf1 Qe6 24. Bg5 Rf8 25. f3 Nf6 26. Re1 Qf7 27. Bxf6
Qxf6 28. Qxf6 Rxf6 29. Ne3 Re6 30. Nc2 Kf7 31. Rxe6 Kxe6 32. Kf2 h5 33. Ne1 h4
34. Nd3 g5 35. b3 Kd5 36. Ke3 c5 37. dxc5 Bxc5+ 38. Nxc5 Kxc5 39. Kf2 Kd5 40.
g3 h3 41. g4 fxg4 42. fxg4 Ke4 43. Kg3 Kd3 44. c4 bxc4 45. bxc4 Kxc4 46. Kxh3
Kd3 47. Kg3 Ke3 48. a4 a5 49. Kg2 Kf4 50. Kf2 Kxg4 51. Kg2 Kf4 0-1

[Event "Hastings Masters"]
[Site "Hastings"]
[Date "2006.12.30"]
[Round "3.46"]
[White "Hickman, John"]
[Black "Macrae, James"]
[Result "1-0"]
[WhiteElo "2058"]
[BlackElo "1759"]
[PlyCount "119"]
[EventDate "2006.12.28"]
[SourceDate "2006.12.28"]

1. e4 Nc6 2. Nf3 d6 3. d4 Nf6 4. Nc3 Bg4 5. Bb5 a6 6. Bxc6+ bxc6 7. h3 Bxf3 8.
Qxf3 e6 9. Bg5 h6 10. e5 hxg5 11. exf6 Qd7 12. Ne4 Rh6 13. O-O-O d5 14. fxg7
Bxg7 15. Nxg5 Rf6 16. Qe2 Bh6 17. h4 Rg6 18. Kb1 Kf8 19. f4 Qd6 20. Qe5 Bg7 21.
Qxd6+ cxd6 22. h5 Rh6 23. Nf3 f5 24. Rd3 Rb8 25. Rb3 Rb5 26. Kc1 Ke7 27. Kd2
Kd7 28. Rxb5 cxb5 29. Kd3 Rh8 30. Ng5 Rh6 31. Nf7 Rf6 32. Ng5 Rh6 33. c3 Ke7
34. Ke3 Kf6 35. Nf3 Ke7 36. Kf2 Bf6 37. Kg3 Kd7 38. Ng5 Ke7 39. Kh4 Bg7 40. Re1
Rf6 41. g4 fxg4 42. Kxg4 Kd7 43. a4 bxa4 44. Ra1 Rf8 45. Rxa4 Ra8 46. Rb4 Ra7
47. Rb8 e5 48. Rg8 Kc6 49. dxe5 dxe5 50. h6 Bxh6 51. Rg6+ Kc5 52. Rxh6 exf4 53.
Kxf4 a5 54. Ne6+ Kc4 55. Nd4 a4 56. Ke3 Ra5 57. Rc6+ Rc5 58. Rxc5+ Kxc5 59. Kd3
Kb6 60. Ne6 1-0

[Event "Hastings Masters"]
[Site "Hastings"]
[Date "2006.12.30"]
[Round "3.47"]
[White "Messam-Sparks, Lateefah"]
[Black "Wilson, Alexandra"]
[Result "1/2-1/2"]
[WhiteElo "1560"]
[BlackElo "2056"]
[PlyCount "90"]
[EventDate "2006.12.28"]
[SourceDate "2006.12.28"]

1. e4 e6 2. d4 d5 3. Nd2 Nf6 4. e5 Nfd7 5. Bd3 c5 6. c3 Nc6 7. Ne2 cxd4 8. cxd4
f6 9. exf6 Qxf6 10. Nf3 h6 11. O-O Bd6 12. Bb1 O-O 13. Qd3 Rd8 14. Bd2 Nf8 15.
Bc3 Bd7 16. a3 b5 17. b4 a6 18. Bc2 Be8 19. Qe3 Bg6 20. Rac1 Rac8 21. Ne5 Bxc2
22. Rxc2 Nd7 23. f4 Nb6 24. Ng3 Ne7 25. Rcf2 Nf5 26. Qd3 Nc4 27. Ba1 a5 28.
bxa5 Ra8 29. Nxf5 exf5 30. Qf3 Bc7 31. Qb3 Rxa5 32. Rd1 Rda8 33. Bb2 Bd8 34.
Bc1 Qa6 35. Qf3 Qb7 36. Qh5 Nd6 37. Qg6 R5a6 38. Qe6+ Kh7 39. Qg6+ Kh8 40. Qh5
Ne4 41. Rf3 Rf6 42. Qe8+ Kh7 43. Nd7 Rd6 44. Nf8+ Kg8 45. Nd7+ Kh7 1/2-1/2

[Event "Hastings Masters"]
[Site "Hastings"]
[Date "2006.12.30"]
[Round "3.48"]
[White "Weidman, Mark"]
[Black "Spanton, Tim"]
[Result "0-1"]
[WhiteElo "1232"]
[BlackElo "2051"]
[PlyCount "80"]
[EventDate "2006.12.28"]
[SourceDate "2006.12.28"]

1. d4 d5 2. c4 e6 3. Nc3 c6 4. cxd5 exd5 5. Bf4 Bf5 6. e3 Bd6 7. Bxd6 Qxd6 8.
Bd3 Ne7 9. Nge2 O-O 10. O-O Nd7 11. Ng3 Bxd3 12. Qxd3 Nf6 13. Rae1 Rae8 14. Kh1
h5 15. f3 h4 16. Nf5 Nxf5 17. Qxf5 Re6 18. Nd1 Nh7 19. f4 Rfe8 20. Rf3 Rg6 21.
Rh3 Qd8 22. Rf1 Ree6 23. Rg1 Ref6 24. Qc2 {(=)} Rh6 25. Qf2 Rfg6 26. Qe2 Qd7
27. Nf2 Nf6 28. Qd3 Nh5 29. Rc1 Ng3+ 30. Kg1 Nf5 31. Re1 Nd6 32. Qe2 Ne4 33.
Rd1 Qf5 34. Qe1 Nxf2 35. Qxf2 Qxh3 36. Re1 Qg4 37. e4 dxe4 38. Rxe4 Re6 39. Qc2
Rxe4 40. Qxe4 Re6 0-1

[Event "Hastings Masters"]
[Site "Hastings"]
[Date "2006.12.30"]
[Round "3.49"]
[White "Webster, Richard J"]
[Black "Van de Laar, Michael"]
[Result "1-0"]
[WhiteElo "1983"]
[BlackElo "1088"]
[PlyCount "69"]
[EventDate "2006.12.28"]
[SourceDate "2006.12.28"]

1. c4 f5 2. g3 Nf6 3. Bg2 g6 4. Nc3 c6 5. d3 Bg7 6. e4 fxe4 7. dxe4 e5 8. Nge2
O-O 9. O-O Qe7 10. Qc2 d6 11. h3 Be6 12. b3 Nbd7 13. Ba3 c5 14. Rad1 Rad8 15.
Nb5 Nb6 16. Nxa7 Rd7 17. Nb5 Qf7 18. Nxd6 Rxd6 19. Rxd6 Nc8 20. Rd3 Ne7 21.
Bxc5 Rc8 22. Bxe7 Qxe7 23. Nc3 g5 24. Rfd1 Qe8 25. Qd2 h6 26. Rd8 Rxd8 27. Qxd8
Qxd8 28. Rxd8+ Kh7 29. Nd5 Nh5 30. Rd6 Bf7 31. Rd7 Be6 32. Re7 Bg8 33. Bf3 Kg6
34. Bxh5+ Kxh5 35. Rxg7 1-0

[Event "Hastings Masters"]
[Site "Hastings"]
[Date "2006.12.31"]
[Round "4.1"]
[White "Williams, Simon K"]
[Black "Gagunashvili, Merab"]
[Result "1/2-1/2"]
[WhiteElo "2473"]
[BlackElo "2611"]
[PlyCount "91"]
[EventDate "2006.12.28"]
[SourceDate "2006.12.28"]

1. d4 d6 2. e4 Nf6 3. Nc3 g6 4. Be3 c6 5. h3 Bg7 6. g4 Qa5 7. Qd2 e5 8. Nge2 b5
9. dxe5 dxe5 10. Bc5 Nbd7 11. b4 Qd8 12. O-O-O Bf8 13. Bxf8 Rxf8 14. Qd6 Bb7
15. Ng3 Qb8 16. Qd2 Qc7 17. g5 Ng8 18. h4 Ke7 19. h5 Rfd8 20. hxg6 hxg6 21. Qe3
a5 22. Bh3 Kf8 23. Bxd7 Rxd7 24. Qc5+ Re7 25. Nf5 axb4 26. Rh8 gxf5 27. exf5
bxc3 28. f6 Rae8 29. Qxc3 e4 30. Qh3 Qf4+ 31. Kb1 Qxg5 32. Qh7 Ra8 33. Rxg8+
Qxg8 34. fxe7+ Kxe7 35. Qxe4+ Kf6 36. Qf4+ Ke6 37. Qe4+ Kf6 38. Qf4+ Ke6 39.
Qd6+ Kf5 40. Qc5+ Kf6 41. Qd4+ Kf5 42. Qd3+ Kf6 43. Qf3+ Ke6 44. Qh3+ Kf6 45.
Qf3+ Ke6 46. Qe4+ 1/2-1/2

[Event "Hastings Masters"]
[Site "Hastings"]
[Date "2006.12.31"]
[Round "4.2"]
[White "Gofshtein, Zvulon"]
[Black "Cherniaev, Alexander"]
[Result "1/2-1/2"]
[WhiteElo "2509"]
[BlackElo "2472"]
[PlyCount "104"]
[EventDate "2006.12.28"]
[SourceDate "2006.12.28"]

1. c4 g6 2. d4 Nf6 3. Nc3 Bg7 4. e4 d6 5. Bd3 O-O 6. Nge2 c6 7. O-O e5 8. d5 a5
9. Bg5 h6 10. Be3 Nbd7 11. f3 h5 12. Qd2 Kh7 13. Bc2 c5 14. Bg5 Qb6 15. Nb5 Ng8
16. Nec3 f6 17. Be3 Ra6 18. g3 Qd8 19. Kh1 Nh6 20. Bd3 Nb6 21. f4 Bh3 22. Rf3
Ra8 23. f5 g5 24. Qe1 g4 25. Rf2 Nf7 26. Rc2 Bh6 27. Bxh6 Kxh6 28. Nd1 Kg7 29.
Nf2 Ng5 30. Qe3 Qe7 31. b3 Rfc8 32. a3 Nd7 33. Rb1 Nb8 34. Nc3 Rh8 35. Ne2 Na6
36. Ng1 Kf7 37. Ngxh3 Nxh3 38. Nxh3 gxh3 39. Bf1 Qf8 40. Bxh3 Qh6 41. Qf3 Rag8
42. Rg1 Qg5 43. Rf2 Rg7 44. Bf1 h4 45. g4 Rc8 46. Qc3 b6 47. Be2 Rgg8 48. Rb1
Ra8 49. Kg2 Ra7 50. Kf1 Ke7 51. Ke1 Nb8 52. Bd1 Nd7 1/2-1/2

[Event "Hastings Masters"]
[Site "Hastings"]
[Date "2006.12.31"]
[Round "4.3"]
[White "Tahirov, Farhad"]
[Black "Ansell, Simon"]
[Result "0-1"]
[WhiteElo "2545"]
[BlackElo "2394"]
[PlyCount "60"]
[EventDate "2006.12.28"]
[SourceDate "2006.12.28"]

1. d4 d5 2. c4 c6 3. Nf3 Nf6 4. Nc3 dxc4 5. a4 Bf5 6. Ne5 Nbd7 7. Nxc4 Nd5 8.
f3 e5 9. e4 Nxc3 10. bxc3 Be6 11. Ne3 exd4 12. cxd4 Bb4+ 13. Bd2 Qh4+ 14. g3
Bxd2+ 15. Qxd2 Qe7 16. Rb1 Nf6 17. Bc4 O-O 18. O-O Rad8 19. Rfd1 Ne8 20. e5
Bxc4 21. Nxc4 f6 22. f4 fxe5 23. fxe5 Qe6 24. Rxb7 Qxc4 25. Rxa7 Qd5 26. a5 c5
27. Qe1 Qe6 28. Qe4 cxd4 29. Rb7 Nd6 30. Rb6 Nxe4 0-1

[Event "Hastings Masters"]
[Site "Hastings"]
[Date "2006.12.31"]
[Round "4.4"]
[White "Vul, Arkadi"]
[Black "Pavlovic, Milos"]
[Result "0-1"]
[WhiteElo "2365"]
[BlackElo "2507"]
[PlyCount "116"]
[EventDate "2006.12.28"]
[SourceDate "2006.12.28"]

1. Nf3 g6 2. c4 Bg7 3. d4 d6 4. g3 c5 5. Bg2 Nc6 6. d5 Na5 7. Nbd2 a6 8. Rb1
Nf6 9. Qc2 O-O 10. O-O e6 11. dxe6 Bxe6 12. b4 cxb4 13. Rxb4 Rc8 14. Nd4 Bd5
15. Bb2 b5 16. Bh3 Rc7 17. a4 Nxc4 18. Rc1 Rc5 19. axb5 Nb6 20. Qd3 a5 21. Rb3
Bxb3 22. N2xb3 Rxc1+ 23. Bxc1 a4 24. Na5 Qe7 25. Ba3 Re8 26. Bg2 Nfd7 27. Nac6
Qf6 28. e3 d5 29. Bh3 Ne5 30. Nxe5 Qxe5 31. Bc5 Nc4 32. b6 Bf8 33. Bxf8 Rxf8
34. b7 Qc7 35. Bc8 Rxc8 36. bxc8=Q+ Qxc8 37. Nb5 Qc5 38. Nd4 a3 39. Qb3 Qb6 40.
Qxb6 Nxb6 41. Kf1 Kf8 42. Ke2 Ke7 43. Kd3 Nc4 44. Nc2 Kd6 45. Kd4 h5 46. Nb4
Ne5 47. Nc2 Nc4 48. Nb4 Nd2 49. Kd3 Nf3 50. h4 Ne5+ 51. Kc3 Nc4 52. Kd4 Ne5 53.
Kc3 Nc4 54. Kd4 Nd2 55. Kd3 Ne4 56. Ke2 Kc5 57. Na2 Kc4 58. Kf3 Nc5 0-1

[Event "Hastings Masters"]
[Site "Hastings"]
[Date "2006.12.31"]
[Round "4.5"]
[White "Pert, Nicholas"]
[Black "Rendle, Thomas"]
[Result "1/2-1/2"]
[WhiteElo "2502"]
[BlackElo "2382"]
[PlyCount "51"]
[EventDate "2006.12.28"]
[SourceDate "2006.12.28"]

1. d4 f5 2. Nc3 Nf6 3. Bg5 d5 4. f3 Nc6 5. Qd2 e6 6. O-O-O Bb4 7. Nh3 O-O 8. e3
a6 9. Nf4 Qd6 10. g4 fxg4 11. Bxf6 Rxf6 12. fxg4 Ne7 13. Nd3 Ba5 14. Kb1 Bd7
15. g5 Rf5 16. Bh3 Bxc3 {(=)} 17. Qxc3 Rxg5 18. Rdf1 Nf5 19. Bxf5 Rxf5 20. Rxf5
exf5 21. Ne5 Rf8 22. Rg1 f4 23. exf4 Rxf4 24. a3 Bf5 25. Qe3 Qf6 26. Ka2 {(=)}
1/2-1/2

[Event "Hastings Masters"]
[Site "Hastings"]
[Date "2006.12.31"]
[Round "4.6"]
[White "Greet, Andrew"]
[Black "Houska, Jovanka"]
[Result "1/2-1/2"]
[WhiteElo "2439"]
[BlackElo "2364"]
[PlyCount "46"]
[EventDate "2006.12.28"]
[SourceDate "2006.12.28"]

1. e4 c6 2. d4 d5 3. Nc3 dxe4 4. Nxe4 Bf5 5. Ng3 Bg6 6. h4 h6 7. Nf3 Nd7 8. h5
Bh7 9. Bd3 Bxd3 10. Qxd3 e6 11. Bd2 Ngf6 12. O-O-O Be7 13. Ne4 O-O 14. Kb1 c5
15. dxc5 Qc7 16. Nxf6+ Nxf6 17. Qe2 Rac8 18. Ne5 Qxc5 19. Bc1 Rfd8 20. g4 Rxd1
21. Rxd1 Bd6 22. Nd3 Qb5 23. Nf4 Qb6 1/2-1/2

[Event "Hastings Masters"]
[Site "Hastings"]
[Date "2006.12.31"]
[Round "4.7"]
[White "Jones, Gawain"]
[Black "Eames, Robert"]
[Result "1-0"]
[WhiteElo "2430"]
[BlackElo "2311"]
[PlyCount "173"]
[EventDate "2006.12.28"]
[SourceDate "2006.12.28"]

1. e4 c5 2. Nc3 Nc6 3. Bb5 Nd4 4. Bc4 e6 5. Nge2 Nf6 6. O-O a6 7. d3 b5 8. Bb3
Nxb3 9. axb3 Bb7 10. Bg5 h6 11. Bxf6 Qxf6 12. f4 O-O-O 13. Kh1 d5 14. exd5 exd5
15. d4 Bd6 16. Qd2 Rhe8 17. Rfd1 cxd4 18. Na2 d3 19. Qxd3 d4 20. Nxd4 Qxf4 21.
Qf5+ Qxf5 22. Nxf5 Be5 23. c3 Kc7 24. Nb4 Bf6 25. Ng3 Bh4 26. Nf5 Bf2 27. c4
Re5 28. Rxd8 Kxd8 29. Nd6 Kc7 30. Nxb7 Kxb7 31. Nd3 Re2 32. Rf1 Bd4 33. Rxf7+
Kb6 34. h4 Re3 35. Rf3 Re4 36. h5 a5 37. Kh2 a4 38. Rf5 bxc4 39. bxc4 Re3 40.
Rb5+ Kc7 41. Nf4 Kc6 42. g3 Be5 43. Kg2 Bd6 44. Ra5 Rb3 45. Ra6+ Kd7 46. Rxa4
Rxb2+ 47. Kf3 Rb3+ 48. Kg4 Bc5 49. Ra5 Bf2 50. Rd5+ Ke8 51. Nd3 Bb6 52. Kf5 Bd8
53. c5 Rc3 54. g4 Be7 55. Kg6 Bf6 56. Nf4 Rc4 57. Kf5 Be7 58. Ne6 Kf7 59. Rd7
Rc1 60. c6 Rf1+ 61. Ke5 Re1+ 62. Kd5 Rd1+ 63. Nd4 Ke8 64. Ke6 Re1+ 65. Kf5 Rc1
66. Ra7 Bf6 67. Ne6 Rxc6 68. Nxg7+ Bxg7 69. Rxg7 Kf8 70. Rg6 Rc5+ 71. Kf4 Rc4+
72. Kg3 Kf7 73. Rxh6 Kg7 74. Rg6+ Kh7 75. Kh4 Rc5 76. Rf6 Ra5 77. Rf7+ Kg8 78.
Rf4 Kg7 79. g5 Ra1 80. Kg4 Rg1+ 81. Kf5 Rh1 82. h6+ Kh7 83. Kf6 Rh2 84. g6+ Kh8
85. Kf7 Rg2 86. g7+ Kh7 87. Kf8 1-0

[Event "Hastings Masters"]
[Site "Hastings"]
[Date "2006.12.31"]
[Round "4.8"]
[White "Ikonnikov, Vyacheslav"]
[Black "Kwiatkowski, Feliks"]
[Result "1-0"]
[WhiteElo "2588"]
[BlackElo "2226"]
[PlyCount "87"]
[EventDate "2006.12.28"]
[SourceDate "2006.12.28"]

1. d4 Nf6 2. Nf3 e6 3. c4 b6 4. g3 Ba6 5. b3 Bb4+ 6. Bd2 Be7 7. Bg2 c6 8. a4 d5
9. cxd5 cxd5 10. b4 O-O 11. b5 Bb7 12. O-O a5 13. Nc3 Nbd7 14. Qb3 Rc8 15. Rfc1
Bd6 16. Bf4 Qe7 17. Bxd6 Qxd6 18. e3 Rc7 19. Nd2 Rfc8 20. f3 h6 21. Ne2 e5 22.
Bh3 Rxc1+ 23. Rxc1 Rxc1+ 24. Nxc1 exd4 25. exd4 Nc5 26. Qc2 Ne6 27. Ne2 Qc7 28.
Qb3 Ng5 29. Bg2 Ne8 30. Nf1 Nd6 31. Ne3 Nc4 32. Kf2 Nh7 33. Nf4 Nf6 34. Bf1 Nd2
35. Qb2 Nxf1 36. Kxf1 g6 37. Kf2 Kg7 38. Qd2 Kg8 39. Nd3 Kg7 40. Ne5 h5 41.
Nf5+ gxf5 42. Qg5+ Kf8 43. Qxf6 Bc8 44. Nc6 1-0

[Event "Hastings Masters"]
[Site "Hastings"]
[Date "2006.12.31"]
[Round "4.9"]
[White "Britton, Richard"]
[Black "Hebden, Mark"]
[Result "1/2-1/2"]
[WhiteElo "2261"]
[BlackElo "2545"]
[PlyCount "97"]
[EventDate "2006.12.28"]
[SourceDate "2006.12.28"]

1. e4 e5 2. Nf3 Nc6 3. Bb5 a6 4. Ba4 Nf6 5. O-O Be7 6. Re1 b5 7. Bb3 O-O 8. c3
d5 9. exd5 Nxd5 10. Nxe5 Nxe5 11. Rxe5 c6 12. d4 Bd6 13. Re1 Qh4 14. g3 Qh3 15.
Be3 Bg4 16. Qd3 Rae8 17. Nd2 f5 18. f4 Kh8 19. Bxd5 cxd5 20. a4 bxa4 21. Qf1
Qh5 22. Qg2 g5 23. fxg5 h6 24. Qxd5 Rd8 25. Qg2 hxg5 26. d5 f4 27. Bd4+ Kg8 28.
Rxa4 Rde8 29. Rxe8 Rxe8 30. Ne4 Rxe4 31. Qxe4 fxg3 32. hxg3 Bxg3 33. Qg2 Bd6
34. Be3 Bd7 35. Ra1 g4 36. Rxa6 Qe5 37. Rxd6 Qxd6 38. Kf2 Qe5 39. Bd4 Qf4+ 40.
Kg1 Qc1+ 41. Qf1 Qxb2 42. Qf6 Qc1+ 43. Kf2 Qd2+ 44. Kg3 Qe1+ 45. Bf2 Qe4 46.
Qd8+ Be8 47. Qg5+ Bg6 48. Qxg4 Qxg4+ 49. Kxg4 1/2-1/2

[Event "Hastings Masters"]
[Site "Hastings"]
[Date "2006.12.31"]
[Round "4.10"]
[White "Schuurman, Petra"]
[Black "Neverov, Valeriy"]
[Result "1/2-1/2"]
[WhiteElo "2238"]
[BlackElo "2538"]
[PlyCount "141"]
[EventDate "2006.12.28"]
[SourceDate "2006.12.28"]

1. Nf3 f5 2. d4 Nf6 3. g3 g6 4. Bg2 Bg7 5. b4 d6 6. Bb2 O-O 7. c4 c6 8. Nbd2
Qe8 9. O-O h6 10. Re1 Qf7 11. Qc2 Na6 12. a3 Nc7 13. a4 g5 14. b5 Bd7 15. c5
Ncd5 16. Nc4 cxb5 17. axb5 Bxb5 18. cxd6 Rfc8 19. Nfe5 Rxc4 20. Nxc4 Rc8 21.
Qb3 Bxc4 22. Qxb7 Qe6 23. Rxa7 Bf8 24. Ba3 Re8 25. dxe7 Nxe7 26. Ra8 Rxa8 27.
Qxa8 Ne4 28. Bb4 Bd5 29. Qd8 Kf7 30. f3 Nf6 31. e4 Bb7 32. d5 Qe5 33. Qb6 Bc8
34. exf5 Nexd5 35. Rxe5 Nxb6 36. Bxf8 Kxf8 37. f4 gxf4 38. gxf4 Nc4 39. Rc5 Nd6
40. Re5 Bxf5 41. Bf3 Kf7 42. Kg2 Be6 43. Ra5 Nf5 44. Kf2 Kg6 45. Ra6 Ng7 46.
Ra5 Bf5 47. Ke3 Bc2 48. Kd2 Bb1 49. Rb5 Bf5 50. Ke3 Bd7 51. Ra5 Nf5+ 52. Kf2
Nd4 53. Ke3 Nf5+ 54. Kf2 Kf7 55. Ra6 Ke7 56. Ra5 h5 57. Re5+ Kd6 58. Ra5 h4 59.
Ra6+ Ke7 60. Ra5 Nd4 61. Re5+ Kd6 62. Ra5 Bb5 63. Ra1 Nxf3 64. Kxf3 Bc6+ 65.
Kf2 Ng4+ 66. Kg1 Ne3 67. Rc1 Nd5 68. f5 Bd7 69. Rc4 h3 70. Rd4 Bxf5 71. Rxd5+
1/2-1/2

[Event "Hastings Masters"]
[Site "Hastings"]
[Date "2006.12.31"]
[Round "4.11"]
[White "Lalic, Bogdan"]
[Black "Cafferty, Bernard"]
[Result "1-0"]
[WhiteElo "2491"]
[BlackElo "2207"]
[PlyCount "73"]
[EventDate "2006.12.28"]
[SourceDate "2006.12.28"]

1. d4 Nf6 2. c4 e6 3. Nc3 Bb4 4. e3 b6 5. Nge2 Ne4 6. Qc2 Bb7 7. Nf4 c5 8. Bd3
Nxc3 9. bxc3 Ba5 10. O-O d6 11. d5 Qf6 12. Bd2 g6 13. e4 Nd7 14. Ne2 Ne5 15. f4
Nxd3 16. Qxd3 exd5 17. exd5 Bc8 18. f5 Bxf5 19. Qf3 Qh4 20. Ng3 O-O-O 21. Nxf5
gxf5 22. Qxf5+ Rd7 23. Rf4 Qd8 24. Re4 h6 25. Rae1 Kb7 26. R1e3 Rc7 27. Rf3 Re8
28. Bxh6 Rxe4 29. Qxe4 Re7 30. Qh4 Qe8 31. h3 Re4 32. Qf6 Rxc4 33. Bd2 Ka6 34.
Re3 Qa4 35. Qxf7 Qxa2 36. Re7 Ra4 37. c4 1-0

[Event "Hastings Masters"]
[Site "Hastings"]
[Date "2006.12.31"]
[Round "4.12"]
[White "Ciuksyte, Dagne"]
[Black "Grant, Alan"]
[Result "1/2-1/2"]
[WhiteElo "2440"]
[BlackElo "2206"]
[PlyCount "82"]
[EventDate "2006.12.28"]
[SourceDate "2006.12.28"]

1. e4 c5 2. Nf3 e6 3. d4 cxd4 4. Nxd4 Nc6 5. Nb5 d6 6. c4 Nf6 7. N1c3 a6 8. Na3
b6 9. Be2 Bb7 10. O-O Be7 11. Be3 O-O 12. Qb3 Nd7 13. Rfd1 Nc5 14. Qc2 Nd7 15.
Rac1 Rc8 16. Qd2 Re8 17. f4 Bf8 18. e5 Ne7 19. exd6 Nf5 20. c5 Nxe3 21. Qxe3
Rxc5 22. Nc4 Rc8 23. Ne5 f6 24. Nf3 Rc6 25. Nd4 Rxd6 26. Bc4 Rxd4 27. Rxd4 Bc5
28. b4 Bxd4 29. Qxd4 Nf8 30. Qxd8 Rxd8 31. f5 Kf7 32. fxe6+ Ke7 33. Bb3 Nxe6
34. Na4 Rd6 35. Bxe6 Kxe6 36. Rc7 Rd1+ 37. Kf2 Rd2+ 38. Ke3 Rd7 39. Rc2 Rd6 40.
Rc7 Rd7 41. Rc2 Rd6 1/2-1/2

[Event "Hastings Masters"]
[Site "Hastings"]
[Date "2006.12.31"]
[Round "4.13"]
[White "Snape, Ian"]
[Black "Hendriks, Willy"]
[Result "0-1"]
[WhiteElo "2217"]
[BlackElo "2439"]
[PlyCount "64"]
[EventDate "2006.12.28"]
[SourceDate "2006.12.28"]

1. c4 c5 2. Nf3 g6 3. g3 Bg7 4. Bg2 Nc6 5. Nc3 Nh6 6. d4 cxd4 7. Bxh6 Bxh6 8.
Nxd4 O-O 9. O-O Bg7 10. e3 d6 11. b3 Bd7 12. Rc1 Qa5 13. a4 Rab8 14. Nd5 Rfe8
15. b4 Nxb4 16. Qe1 Bxd4 17. exd4 Nc6 18. Qe3 Qd8 19. Qf4 Kg7 20. Rcd1 Na5 21.
Rfe1 e6 22. Ne3 Bxa4 23. Ra1 e5 24. dxe5 dxe5 25. Qh4 Qd2 26. Qg5 Nxc4 27. Nf5+
Kf8 28. Qxd2 Nxd2 29. Rxa4 gxf5 30. Rxa7 e4 31. Rc1 Re7 32. Ra5 Nb3 0-1

[Event "Hastings Masters"]
[Site "Hastings"]
[Date "2006.12.31"]
[Round "4.14"]
[White "Haslinger, Stewart"]
[Black "Fowler, Simon"]
[Result "1-0"]
[WhiteElo "2438"]
[BlackElo "2201"]
[PlyCount "59"]
[EventDate "2006.12.28"]
[SourceDate "2006.12.28"]

1. e4 e6 2. d4 d5 3. Nd2 Nc6 4. Ngf3 Nf6 5. e5 Nd7 6. Be2 f6 7. exf6 Qxf6 8.
Nf1 Bd6 9. Ne3 O-O 10. O-O Qg6 11. c4 Nf6 12. c5 Be7 13. Bd3 Qh5 14. Bb5 Bd7
15. h3 b6 16. b4 a5 17. cxb6 cxb6 18. bxa5 Rxa5 19. a4 Ne4 20. Bb2 Raa8 21. Ng4
Rf5 22. Bd3 Raf8 23. Nd2 Nb4 24. Bxe4 dxe4 25. Nxe4 Qh4 26. Ng3 Rf4 27. Bc1 Nd5
28. Bxf4 Nxf4 29. Ne5 Bc8 30. Qg4 1-0

[Event "Hastings Masters"]
[Site "Hastings"]
[Date "2006.12.31"]
[Round "4.15"]
[White "Anderson, John"]
[Black "Wallace, John Paul"]
[Result "0-1"]
[WhiteElo "2199"]
[BlackElo "2418"]
[PlyCount "86"]
[EventDate "2006.12.28"]
[SourceDate "2006.12.28"]

1. Nf3 Nf6 2. c4 e6 3. g3 d5 4. b3 Be7 5. Bb2 O-O 6. Bg2 c5 7. O-O Nc6 8. d3 d4
9. e3 e5 10. Na3 h6 11. Nc2 Bg4 12. h3 Be6 13. e4 Qd7 14. Kh2 Ne8 15. Nd2 Nd6
16. a3 b5 17. f4 bxc4 18. Nxc4 exf4 19. gxf4 Rab8 20. Bc1 f5 21. Nxd6 Bxd6 22.
e5 Be7 23. b4 Rfc8 24. bxc5 Bxc5 25. Ne1 Na5 26. Rg1 Nb3 27. Rb1 a5 28. Bb2 Qe7
29. Nc2 Qh4 30. Rf1 a4 31. Kg1 Rb6 32. Rf2 Rcb8 33. Ne1 Kh8 34. Bc1 Bf7 35. Rc2
Qe7 36. Qe2 Nxc1 37. Rbxc1 Bxa3 38. Rc8+ Rxc8 39. Rxc8+ Kh7 40. Nf3 Rb1+ 41.
Bf1 Bc1 42. e6 Be3+ 43. Kg2 Qxe6 0-1

[Event "Hastings Masters"]
[Site "Hastings"]
[Date "2006.12.31"]
[Round "4.16"]
[White "Graf, Felix"]
[Black "Knott, Simon"]
[Result "1/2-1/2"]
[WhiteElo "2207"]
[BlackElo "2375"]
[PlyCount "54"]
[EventDate "2006.12.28"]
[SourceDate "2006.12.28"]

1. d4 Nf6 2. c4 g6 3. Nc3 d5 4. cxd5 Nxd5 5. e4 Nxc3 6. bxc3 Bg7 7. Bc4 c5 8.
Be3 Nc6 9. Ne2 O-O 10. O-O Bg4 11. f3 Na5 12. Bd5 cxd4 13. cxd4 Bd7 14. Rb1 a6
15. Bxb7 Ra7 16. Bd5 Bb5 17. a4 Bxe2 18. Qxe2 e6 19. Ba2 Bxd4 20. Rb4 Rd7 21.
Qf2 Nc6 22. Rc4 Bxe3 23. Qxe3 Ne5 24. Rc2 Rd3 25. Qc5 Qd4+ 26. Qxd4 Rxd4 27.
Bb3 Rb8 1/2-1/2

[Event "Hastings Masters"]
[Site "Hastings"]
[Date "2006.12.31"]
[Round "4.17"]
[White "Hagesaether, Arne"]
[Black "Peek, Marcel"]
[Result "1/2-1/2"]
[WhiteElo "2178"]
[BlackElo "2367"]
[PlyCount "45"]
[EventDate "2006.12.28"]
[SourceDate "2006.12.28"]

1. e4 c5 2. Nf3 d6 3. d4 cxd4 4. Nxd4 Nf6 5. Nc3 Nc6 6. Be3 Ng4 7. Bg5 h6 8.
Bh4 g5 9. Bg3 Bg7 10. Bb5 Bd7 11. Nf5 Bxc3+ 12. bxc3 Qa5 13. O-O Qxb5 14. Qxg4
O-O-O 15. Rab1 Qc5 16. Rfd1 Bxf5 17. exf5 f6 18. Qe4 Rd7 19. Rd5 Qxc3 20. Rdb5
Nd8 21. Qa4 Nc6 22. Qe4 Nd8 23. Qa4 1/2-1/2

[Event "Hastings Masters"]
[Site "Hastings"]
[Date "2006.12.31"]
[Round "4.18"]
[White "Huss, Andreas"]
[Black "Groffen, Hans"]
[Result "1-0"]
[WhiteElo "2338"]
[BlackElo "2180"]
[PlyCount "71"]
[EventDate "2006.12.28"]
[SourceDate "2006.12.28"]

1. d4 f5 2. Nc3 Nf6 3. Bg5 d5 4. Bxf6 exf6 5. e3 Be6 6. Bd3 Nc6 7. Nge2 g6 8.
Nf4 Bf7 9. Bb5 Qd7 10. Nd3 a6 11. Ba4 b5 12. Bb3 Na5 13. Qf3 c6 14. O-O-O O-O-O
15. Kb1 h5 16. h3 Bd6 17. Ne2 Qe7 18. Nec1 Kb8 19. c3 Ka7 20. Bc2 Nc4 21. Nb3
Rb8 22. Nbc5 a5 23. Ka1 b4 24. cxb4 axb4 25. Ba4 Bxc5 26. Nxc5 Kb6 27. Rc1 Rhc8
28. g4 fxg4 29. hxg4 Ra8 30. gxh5 gxh5 31. Qf5 Rc7 32. Qc2 Ra5 33. b3 Rca7 34.
bxc4 dxc4 35. Rb1 b3 36. Nxb3 1-0

[Event "Hastings Masters"]
[Site "Hastings"]
[Date "2006.12.31"]
[Round "4.19"]
[White "Sugden, John"]
[Black "Marusenko, Petr"]
[Result "0-1"]
[WhiteElo "2158"]
[BlackElo "2330"]
[PlyCount "80"]
[EventDate "2006.12.28"]
[SourceDate "2006.12.28"]

1. e4 c6 2. d4 d5 3. exd5 cxd5 4. Bd3 Nc6 5. c3 Qc7 6. Ne2 Bg4 7. h3 Bh5 8. Qb3
Bxe2 9. Kxe2 Nf6 10. Na3 a6 11. Bf4 Qxf4 12. Qxb7 Nxd4+ 13. cxd4 Rb8 14. Qc6+
Nd7 15. Nc2 e6 16. b3 a5 17. Bb5 Qd6 18. Rhc1 Qxc6 19. Bxc6 Bd6 20. Ne1 Ke7 21.
Nd3 Ba3 22. Rc2 Rhc8 23. Kd2 Nf6 24. f3 h5 25. Ba4 Rxc2+ 26. Kxc2 h4 27. Ne5
Rc8+ 28. Kd3 Nh5 29. Nc6+ Kd6 30. Ke3 Rxc6 31. Bxc6 Kxc6 32. Rd1 Ng3 33. Kd3
Nf5 34. Rd2 Bd6 35. Rc2+ Kd7 36. Rc3 Bc7 37. Rc5 Nxd4 38. Rxc7+ Kxc7 39. Kxd4
Kd6 40. a3 e5+ 0-1

[Event "Hastings Masters"]
[Site "Hastings"]
[Date "2006.12.31"]
[Round "4.20"]
[White "Rudd, Jack"]
[Black "Narayanan, Srinath"]
[Result "0-1"]
[WhiteElo "2310"]
[BlackElo "2141"]
[PlyCount "74"]
[EventDate "2006.12.28"]
[SourceDate "2006.12.28"]

1. e4 c5 2. Nf3 d6 3. Nc3 Nc6 4. d4 cxd4 5. Nxd4 g6 6. Be3 Bg7 7. Qd2 Nf6 8. f3
O-O 9. Bc4 Bd7 10. h4 Na5 11. Bd3 e5 12. Nde2 Be6 13. O-O-O d5 14. exd5 Nxd5
15. Nxd5 Qxd5 16. Nc3 Qc6 17. Bh6 Nc4 18. Bxc4 Qxc4 19. Bxg7 Kxg7 20. h5 Qf4
21. h6+ Kf6 22. Ne4+ Ke7 23. Qxf4 exf4 24. Ng5 Rfd8 25. Rxd8 Rxd8 26. Rd1 Rc8
27. b3 Rc5 28. Ne4 Rh5 29. Nd6 b6 30. a4 Rxh6 31. Nb5 Rh2 32. Rd2 a5 33. Nc7 g5
34. Na8 h5 35. Nxb6 g4 36. fxg4 hxg4 37. Na8 g3 0-1